000 00672nam a2200241 a 4500
001 2918
003 CO-ViMGA
008 141112s2004 ck r 000 u spa d
020 _a9589093086
040 _aCO-ViMGA
_bspa
_cCO-ViMGA
082 0 4 _a330.156 K395
100 1 _aKeynes, John Maynard
_952077
245 1 0 _aTeoría general de la ocupación, el interes y el dinero
250 _a2a
260 _aMexico :
_bFondo de Cultura Económica,
_c1986
300 _a356 p
490 _aSección de obras de economía
650 1 4 _aDINERO
650 1 4 _aEconomía - TEORIA
650 1 4 _aINTERES - Economía
_952080
650 1 4 _aKEYNESIANISMO
_952081
942 _2ddc
_cBK
999 _c14984
_d14984